Podnikateľské modely v cirkulárnej ekonomike

Možnosti tvorby a implementácie podnikateľských modelov v podmienkach prechodu na cirkulárnu ekonomiku so zreteľom na startup ako špecifický podnikateľský formát. Podstata a špecifiká podnikateľských modelov, využiteľných predovšetkým pre etablované podniky. Cirkulárne podnikateľské modely a ich hla...

Full description

Saved in:
Bibliographic Details
Main Author: Jurkovič, Miroslav, 1979-
Format: Book Chapter
Language:Slovak
Subjects:
Tags: Add Tag
No Tags, Be the first to tag this record!

MARC

LEADER 00000naa a2200000 4500
001 0271465
005 20240502074255.8
041 0 |a slo 
044 |a SK 
245 1 0 |a Podnikateľské modely v cirkulárnej ekonomike  |c Miroslav Jurkovič 
520 |a Možnosti tvorby a implementácie podnikateľských modelov v podmienkach prechodu na cirkulárnu ekonomiku so zreteľom na startup ako špecifický podnikateľský formát. Podstata a špecifiká podnikateľských modelov, využiteľných predovšetkým pre etablované podniky. Cirkulárne podnikateľské modely a ich hlavné piliere (prvky, nástroje), najmä zákazníci, tvorba a dodanie hodnoty zákazníkom a aktivity konkurenčného rozsahu. 
610 2 0 |a hospodárstvo obehové 
610 2 0 |a modely 
610 2 0 |a podnik 
610 2 0 |a start-up 
100 1 |a Jurkovič, Miroslav, 1979-